Salary survey: opportunity knocks (Record no. 70207)

MARC details
000 -LEADER
fixed length control field 00877cam a2200217 4500
001 - CONTROL NUMBER
control field ABS65383
008 - FIXED-LENGTH DATA ELEMENTS--GENERAL INFORMATION
fixed length control field 020508n2002 000 0 eng u
035 ## - SYSTEM CONTROL NUMBER
System control number (Sirsi) u117884
110 ## - MAIN ENTRY--CORPORATE NAME
Corporate name or jurisdiction name as entry element Hays Montrose
9 (RLIN) 1032
245 ## - TITLE STATEMENT
Title Salary survey: opportunity knocks
260 ## - PUBLICATION, DISTRIBUTION, ETC.
Date of publication, distribution, etc. 2002
490 ## - SERIES STATEMENT
Series statement Premises and Facilities Management
Volume/sequential designation April 2002, 25-26(2)
520 ## - SUMMARY, ETC.
Summary, etc. Reviews the results of the PFM/Hays Montrose salary survey 2002. Concludes that facilities managers have excellent prospects with the right qualifications and experience, with demand outstripping supply among house teams and service providers, Tables. Questionnaire is available onlin at http://www.integratedfm.net/pfm
590 ## - LOCAL NOTE (RLIN)
Local note ABS
650 ## - SUBJECT ADDED ENTRY--TOPICAL TERM
Topical term or geographic name entry element SALARY SURVEYS
650 ## - SUBJECT ADDED ENTRY--TOPICAL TERM
Topical term or geographic name entry element SALARIES
650 ## - SUBJECT ADDED ENTRY--TOPICAL TERM
Topical term or geographic name entry element FACILITIES MANAGERS
690 ## - LOCAL SUBJECT ADDED ENTRY--TOPICAL TERM (OCLC, RLIN)
Topical term or geographic name as entry element MANAGEMENT-FACILITIES MANAGEMENT
710 ## - ADDED ENTRY--CORPORATE NAME
Corporate name or jurisdiction name as entry element PFM
942 ## - ADDED ENTRY ELEMENTS (KOHA)
Suppress in OPAC 0
Holdings
Withdrawn status Lost status Source of classification or shelving scheme Damaged status Not for loan Home library Current library Shelving location Date acquired Total Checkouts Full call number Barcode Date last seen Copy number Price effective from Koha item type
    Dewey Decimal Classification     London London Journal article 08/05/2002   ABS65383 117884-1001 06/08/2019 1 06/08/2019 Journal article